[Event "World Chess Olympiad 2018"]
[Site "Batumi"]
[Date "2018.09.30"]
[Round "6"]
[Board "3"]
[WhiteFideId "2300087"]
[White "Stefansson Hannes"]
[BlackFideId "13700316"]
[Black "Kazhgaleyev Murtas"]
[Result "1-0"]
[LiveChessVersion "1.4.8"]
[BlackElo "2582"]
[WhiteElo "2502"]

1. e4 {[%clk 1:30:52]} e5 {[%clk 1:30:56]} 2. Nf3 {[%clk 1:31:06]} Nc6
{[%clk 1:31:22]} 3. Bb5 {[%clk 1:31:21]} a6 {[%clk 1:31:48]} 4. Ba4
{[%clk 1:31:38]} Nf6 {[%clk 1:32:13]} 5. O-O {[%clk 1:31:49]} Be7
{[%clk 1:32:38]} 6. Re1 {[%clk 1:31:57]} b5 {[%clk 1:33:00]} 7. Bb3
{[%clk 1:32:17]} d6 {[%clk 1:33:27]} 8. c3 {[%clk 1:32:27]} O-O {[%clk 1:33:52]}
9. h3 {[%clk 1:32:43]} Nb8 {[%clk 1:34:16]} 10. d4 {[%clk 1:32:24]} Nbd7
{[%clk 1:33:05]} 11. Nbd2 {[%clk 1:32:09]} Bb7 {[%clk 1:33:28]} 12. Bc2
{[%clk 1:32:03]} Re8 {[%clk 1:33:53]} 13. Nf1 {[%clk 1:30:48]} Bf8
{[%clk 1:31:13]} 14. Ng3 {[%clk 1:30:57]} g6 {[%clk 1:31:31]} 15. a4
{[%clk 1:29:23]} Bg7 {[%clk 1:30:54]} 16. Bd3 {[%clk 1:28:41]} exd4
{[%clk 1:28:35]} 17. cxd4 {[%clk 1:27:13]} c5 {[%clk 1:28:50]} 18. axb5
{[%clk 1:20:26]} axb5 {[%clk 1:29:03]} 19. Rxa8 {[%clk 1:20:42]} Bxa8
{[%clk 1:29:28]} 20. dxc5 {[%clk 1:08:27]} Nxc5 {[%clk 1:29:52]} 21. Bxb5
{[%clk 1:08:42]} Rf8 {[%clk 1:30:18]} 22. e5 {[%clk 1:00:48]} dxe5
{[%clk 1:29:49]} 23. Qxd8 {[%clk 0:59:32]} Rxd8 {[%clk 1:30:14]} 24. Nxe5
{[%clk 0:58:48]} Nd5 {[%clk 1:30:17]} 25. Bc4 {[%clk 0:51:30]} Re8
{[%clk 1:26:22]} 26. Nd3 {[%clk 0:49:02]} Rxe1+ {[%clk 1:25:39]} 27. Nxe1
{[%clk 0:49:25]} Nb6 {[%clk 1:26:00]} 28. Ba2 {[%clk 0:48:25]} Bd5
{[%clk 1:02:01]} 29. Bxd5 {[%clk 0:45:55]} Nxd5 {[%clk 1:01:22]} 30. Ne2
{[%clk 0:46:07]} Nb3 {[%clk 1:00:38]} 31. Nd3 {[%clk 0:46:08]} Nb6
{[%clk 0:51:20]} 32. Bf4 {[%clk 0:44:45]} Nc4 {[%clk 0:51:21]} 33. Nec1
{[%clk 0:44:43]} Nd4 {[%clk 0:51:27]} 34. b3 {[%clk 0:43:00]} Na5
{[%clk 0:50:20]} 35. Nc5 {[%clk 0:41:17]} f5 {[%clk 0:43:43]} 36. Kf1
{[%clk 0:39:58]} Kf7 {[%clk 0:43:32]} 37. Bd2 {[%clk 0:39:41]} Nac6
{[%clk 0:42:50]} 38. Ke1 {[%clk 0:34:42]} Ke7 {[%clk 0:38:07]} 39. Kd1
{[%clk 0:34:56]} Kd6 {[%clk 0:37:21]} 40. N5d3 {[%clk 1:04:27]} Nb5
{[%clk 1:01:52]} 41. Ne2 {[%clk 1:03:44]} Bf6 {[%clk 0:59:50]} 42. Kc2
{[%clk 0:58:56]} Na3+ {[%clk 0:55:49]} 43. Kc1 {[%clk 0:59:18]} Nb5
{[%clk 0:56:12]} 44. Kb1 {[%clk 0:58:36]} g5 {[%clk 0:50:10]} 45. Nb4
{[%clk 0:56:02]} Na5 {[%clk 0:41:55]} 46. Ka2 {[%clk 0:53:36]} f4
{[%clk 0:41:02]} 47. Nc2 {[%clk 0:41:27]} Nc6 {[%clk 0:38:23]} 48. Na3
{[%clk 0:41:15]} Nc7 {[%clk 0:25:29]} 49. b4 {[%clk 0:39:54]} Kd5
{[%clk 0:25:16]} 50. f3 {[%clk 0:36:20]} Nd4 {[%clk 0:22:38]} 51. Bc3
{[%clk 0:34:07]} Be5 {[%clk 0:21:06]} 52. Nxd4 {[%clk 0:34:03]} Bxd4
{[%clk 0:21:34]} 53. Kb3 {[%clk 0:34:19]} Ne6 {[%clk 0:19:00]} 54. Nb5
{[%clk 0:33:37]} Bxc3 {[%clk 0:14:33]} 55. Nxc3+ {[%clk 0:32:39]} Kd4
{[%clk 0:14:40]} 56. Ne4 {[%clk 0:30:56]} Ke3 {[%clk 0:09:46]} 57. Kc4
{[%clk 0:30:29]} h6 {[%clk 0:09:31]} 58. Kd5 {[%clk 0:29:35]} Nd8
{[%clk 0:09:34]} 59. Kd6 {[%clk 0:28:04]} Ke2 {[%clk 0:09:31]} 60. Kd7
{[%clk 0:27:51]} Nf7 {[%clk 0:09:24]} 61. Ke7 {[%clk 0:22:51]} Ne5
{[%clk 0:09:44]} 62. Kf6 {[%clk 0:23:10]} Nd3 {[%clk 0:07:05]} 63. b5
{[%clk 0:23:21]} Kf1 {[%clk 0:07:18]} 64. b6 {[%clk 0:23:23]} Nb4
{[%clk 0:07:47]} 65. b7 {[%clk 0:23:38]} Nc6 {[%clk 0:07:39]} 66. Nxg5
{[%clk 0:23:02]} Kxg2 {[%clk 0:08:04]} 67. h4 {[%clk 0:23:02]} Kg3
{[%clk 0:07:42]} 68. h5 {[%clk 0:22:23]} Kg2 {[%clk 0:06:35]} 69. Nf7
{[%clk 0:21:44]} Kxf3 {[%clk 0:06:49]} 70. Ne5+ {[%clk 0:21:59]} Nxe5
{[%clk 0:06:58]} 71. Kxe5 {[%clk 0:22:02]} 1-0

[Event "World Chess Olympiad 2018"]
[Site "Batumi"]
[Date "2018.09.30"]
[Round "6"]
[Board "4"]
[WhiteFideId "13707647"]
[White "Makhnev Denis"]
[BlackFideId "2301318"]
[Black "Kjartansson Gudmundur"]
[Result "1-0"]
[LiveChessVersion "1.4.8"]
[BlackElo "2428"]
[WhiteElo "2449"]

1. d4 {[%clk 1:30:56]} Nf6 {[%clk 1:30:52]} 2. c4 {[%clk 1:31:08]} e6
{[%clk 1:31:19]} 3. g3 {[%clk 1:31:28]} d5 {[%clk 1:31:32]} 4. Bg2
{[%clk 1:31:49]} Be7 {[%clk 1:31:50]} 5. Nf3 {[%clk 1:32:03]} O-O
{[%clk 1:32:11]} 6. O-O {[%clk 1:32:16]} dxc4 {[%clk 1:32:06]} 7. Qc2
{[%clk 1:32:06]} b6 {[%clk 1:31:58]} 8. Ne5 {[%clk 1:29:01]} Qxd4
{[%clk 1:32:12]} 9. Bxa8 {[%clk 1:29:23]} Qxe5 {[%clk 1:32:39]} 10. Bf3
{[%clk 1:29:48]} Nd5 {[%clk 1:32:11]} 11. Qxc4 {[%clk 1:29:35]} Ba6
{[%clk 1:31:41]} 12. Qa4 {[%clk 1:30:01]} Bf6 {[%clk 1:31:26]} 13. Re1
{[%clk 1:12:37]} c5 {[%clk 1:31:20]} 14. Nd2 {[%clk 1:12:56]} b5 {[%clk 1:14:47]}
15. Qc2 {[%clk 1:01:52]} Rc8 {[%clk 1:09:30]} 16. a4 {[%clk 0:48:51]} b4
{[%clk 1:03:09]} 17. Nc4 {[%clk 0:28:34]} Qc7 {[%clk 1:01:19]} 18. Bxd5
{[%clk 0:28:34]} exd5 {[%clk 1:01:19]} 19. Bf4 {[%clk 0:29:01]} Qd7
{[%clk 0:56:16]} 20. Nd6 {[%clk 0:29:04]} g5 {[%clk 0:55:36]} 21. Nxc8
{[%clk 0:26:26]} gxf4 {[%clk 0:55:08]} 22. Qxc5 {[%clk 0:26:44]} Qxc8
{[%clk 0:44:06]} 23. Qxc8+ {[%clk 0:12:54]} Bxc8 {[%clk 0:42:43]} 24. Rac1
{[%clk 0:13:22]} Be6 {[%clk 0:39:55]} 25. Rc7 {[%clk 0:13:05]} a5
{[%clk 0:18:26]} 26. Rc5 {[%clk 0:12:12]} fxg3 {[%clk 0:15:45]} 27. hxg3
{[%clk 0:12:32]} Bxb2 28. Rb1 Ba3 {[%clk 0:10:06]} 29. Rxa5 {[%clk 0:11:19]} Nc6
{[%clk 0:09:35]} 30. Ra8+ {[%clk 0:08:07]} Kg7 {[%clk 0:10:00]} 31. a5
{[%clk 0:08:34]} d4 {[%clk 0:09:32]} 32. a6 {[%clk 0:05:52]} Bf5 {[%clk 0:03:54]}
33. Ra1 {[%clk 0:01:22]} Bb2 {[%clk 0:03:23]} 34. Ra2 {[%clk 0:01:50]} Bc3
{[%clk 0:03:44]} 35. a7 {[%clk 0:01:58]} b3 {[%clk 0:04:01]} 36. Rg8+
{[%clk 0:01:59]} Kxg8 {[%clk 0:04:26]} 37. a8=Q+ {[%clk 0:02:23]} Kg7 38. Ra3
{[%clk 0:02:37]} b2 {[%clk 0:04:39]} 39. Rb3 {[%clk 0:02:41]} Nb4
{[%clk 0:04:10]} 40. Rxb2 {[%clk 0:33:08]} Bxb2 {[%clk 0:33:51]} 41. Qa5
{[%clk 0:31:30]} Kg6 {[%clk 0:28:21]} 42. Qxb4 {[%clk 0:31:51]} Ba1
{[%clk 0:27:22]} 43. Qa3 {[%clk 0:32:06]} Bc3 {[%clk 0:27:27]} 44. e3
{[%clk 0:32:16]} f6 {[%clk 0:20:32]} 45. Qc5 {[%clk 0:32:40]} 1-0

[Event "World Chess Olympiad 2018"]
[Site "Batumi"]
[Date "2018.09.30"]
[Round "6"]
[Board "1"]
[WhiteFideId "813192"]
[White "Vocaturo Daniele"]
[BlackFideId "3600017"]
[Black "Matamoros Franco Carlos S."]
[Result "1-0"]
[LiveChessVersion "1.4.8"]
[BlackElo "2494"]
[WhiteElo "2615"]

1. e4 {[%clk 1:30:54]} c5 {[%clk 1:30:52]} 2. Nf3 {[%clk 1:30:53]} Nc6
{[%clk 1:31:09]} 3. d4 {[%clk 1:30:58]} cxd4 {[%clk 1:31:33]} 4. Nxd4
{[%clk 1:31:23]} e5 {[%clk 1:31:45]} 5. Nb5 {[%clk 1:31:17]} d6 {[%clk 1:32:02]}
6. N1c3 {[%clk 1:31:13]} a6 {[%clk 1:32:23]} 7. Na3 {[%clk 1:31:36]} Be7
{[%clk 1:32:26]} 8. Nc4 {[%clk 1:29:55]} b5 {[%clk 1:32:27]} 9. Ne3
{[%clk 1:30:16]} Nf6 {[%clk 1:32:46]} 10. Bd3 {[%clk 1:28:37]} O-O
{[%clk 1:31:17]} 11. a4 {[%clk 1:27:04]} b4 {[%clk 1:27:52]} 12. Ncd5
{[%clk 1:26:10]} Nxd5 {[%clk 1:27:18]} 13. Nxd5 {[%clk 1:26:07]} Bg5
{[%clk 1:27:32]} 14. O-O {[%clk 1:25:07]} Bxc1 {[%clk 1:27:18]} 15. Rxc1
{[%clk 1:25:32]} Rb8 {[%clk 1:15:19]} 16. Bc4 {[%clk 1:17:18]} a5
{[%clk 0:36:16]} 17. c3 {[%clk 1:08:18]} bxc3 {[%clk 0:34:42]} 18. bxc3
{[%clk 1:05:58]} Be6 {[%clk 0:34:24]} 19. Bb5 {[%clk 0:59:45]} Ne7
{[%clk 0:20:09]} 20. Nxe7+ {[%clk 0:53:22]} Qxe7 {[%clk 0:20:35]} 21. Qd2
{[%clk 0:53:39]} Rfd8 {[%clk 0:18:51]} 22. c4 {[%clk 0:53:55]} Qc7
{[%clk 0:19:05]} 23. Rfd1 {[%clk 0:50:45]} h6 {[%clk 0:18:15]} 24. Rc3
{[%clk 0:49:32]} Rbc8 {[%clk 0:16:52]} 25. h3 {[%clk 0:47:02]} Qb6
{[%clk 0:16:03]} 26. Kh2 {[%clk 0:44:21]} Rc5 {[%clk 0:14:17]} 27. f3
{[%clk 0:42:20]} Qc7 {[%clk 0:13:31]} 28. Rd3 {[%clk 0:36:53]} Bxc4
{[%clk 0:01:59]} 29. Rc3 {[%clk 0:37:13]} Rc8 {[%clk 0:02:06]} 30. Rxc4
{[%clk 0:36:00]} Rxc4 {[%clk 0:02:32]} 31. Bxc4 {[%clk 0:36:25]} Qxc4
{[%clk 0:02:59]} 32. Qxa5 {[%clk 0:36:25]} Qe2 {[%clk 0:00:56]} 33. Qd2
{[%clk 0:35:38]} Qxd2 {[%clk 0:01:20]} 34. Rxd2 {[%clk 0:36:05]} Ra8
{[%clk 0:01:46]} 35. Ra2 {[%clk 0:33:15]} Kf8 {[%clk 0:02:11]} 36. Kg3
{[%clk 0:31:57]} Ke7 {[%clk 0:02:37]} 37. Kf2 {[%clk 0:31:47]} d5
{[%clk 0:02:19]} 38. exd5 {[%clk 0:30:13]} Kd6 {[%clk 0:02:32]} 39. a5
{[%clk 0:28:15]} Kxd5 {[%clk 0:02:26]} 40. a6 {[%clk 0:55:03]} Kc6
{[%clk 0:30:40]} 41. Ke3 {[%clk 0:54:47]} f5 {[%clk 0:16:28]} 42. Kd3
{[%clk 0:53:44]} Kb6 {[%clk 0:09:11]} 43. Kc4 {[%clk 0:52:28]} Ka7
{[%clk 0:08:44]} 44. Kd5 {[%clk 0:45:25]} Re8 {[%clk 0:08:44]} 45. Ra4
{[%clk 0:45:05]} g5 {[%clk 0:03:29]} 46. g4 {[%clk 0:41:13]} Rd8+
{[%clk 0:02:15]} 47. Kxe5 {[%clk 0:41:01]} f4 {[%clk 0:02:39]} 48. h4
{[%clk 0:33:26]} Re8+ {[%clk 0:01:24]} 49. Kf5 {[%clk 0:33:19]} gxh4
{[%clk 0:01:47]} 50. Ra2 {[%clk 0:31:51]} Rf8+ {[%clk 0:01:05]} 51. Ke5
{[%clk 0:31:40]} h5 {[%clk 0:00:49]} 52. g5 {[%clk 0:31:29]} Re8+
{[%clk 0:01:13]} 53. Kf5 {[%clk 0:30:54]} Re1 {[%clk 0:01:03]} 54. Rh2
{[%clk 0:30:48]} Rf1 {[%clk 0:01:18]} 55. Kxf4 {[%clk 0:31:10]} 1-0

[Event "World Chess Olympiad 2018"]
[Site "Batumi"]
[Date "2018.09.30"]
[Round "6"]
[Board "2"]
[WhiteFideId "3618471"]
[White "Noboa Kevin"]
[BlackFideId "800090"]
[Black "Godena Michele"]
[Result "1-0"]
[LiveChessVersion "1.4.8"]
[BlackElo "2501"]
[WhiteElo "2256"]

1. d4 {[%clk 1:30:56]} d5 {[%clk 1:30:52]} 2. c4 {[%clk 1:31:16]} dxc4
{[%clk 1:30:53]} 3. Nf3 {[%clk 1:31:32]} Nf6 {[%clk 1:31:02]} 4. e3
{[%clk 1:31:33]} b5 {[%clk 1:21:46]} 5. a4 {[%clk 1:30:45]} b4 {[%clk 1:22:03]}
6. Bxc4 {[%clk 1:30:58]} e6 {[%clk 1:22:25]} 7. O-O {[%clk 1:28:39]} Be7
{[%clk 1:22:16]} 8. Qe2 {[%clk 1:28:11]} Bb7 {[%clk 1:19:45]} 9. Nbd2
{[%clk 1:26:46]} O-O {[%clk 1:07:57]} 10. b3 {[%clk 1:14:30]} Nbd7
{[%clk 0:58:58]} 11. Bb2 {[%clk 1:04:32]} c5 {[%clk 0:57:28]} 12. Rfd1
{[%clk 1:00:26]} Qa5 {[%clk 0:36:26]} 13. Rac1 {[%clk 0:56:22]} Rad8
{[%clk 0:15:49]} 14. Bb5 {[%clk 0:43:38]} a6 {[%clk 0:13:43]} 15. Bd3
{[%clk 0:41:57]} Nd5 {[%clk 0:08:42]} 16. Nc4 {[%clk 0:27:54]} Qc7
{[%clk 0:09:07]} 17. Nce5 {[%clk 0:28:07]} Nxe5 {[%clk 0:06:15]} 18. Nxe5
{[%clk 0:28:18]} Nc3 {[%clk 0:05:09]} 19. Bxc3 {[%clk 0:27:31]} bxc3
{[%clk 0:05:38]} 20. Rxc3 {[%clk 0:27:14]} Qb8 {[%clk 0:01:56]} 21. Rcc1
{[%clk 0:12:28]} cxd4 {[%clk 0:01:17]} 22. exd4 {[%clk 0:12:53]} a5
{[%clk 0:00:33]} 23. Bb5 {[%clk 0:12:38]} Qd6 {[%clk 0:00:37]} 24. Bc6
{[%clk 0:11:46]} Bc8 {[%clk 0:00:34]} 25. Bf3 {[%clk 0:10:41]} Bg5
{[%clk 0:00:45]} 26. Rc5 {[%clk 0:09:09]} Bf6 {[%clk 0:00:43]} 27. Rxa5
{[%clk 0:08:27]} Qa3 {[%clk 0:00:58]} 28. Qc2 {[%clk 0:05:12]} g6
{[%clk 0:01:03]} 29. h3 {[%clk 0:04:31]} Kg7 {[%clk 0:01:28]} 30. Qc3
{[%clk 0:02:04]} Bd7 {[%clk 0:01:12]} 31. Rc5 {[%clk 0:01:38]} Bxe5
{[%clk 0:00:49]} 32. Ra1 {[%clk 0:01:58]} Qxc5 {[%clk 0:00:38]} 33. Qxc5
{[%clk 0:02:07]} Bf6 {[%clk 0:01:07]} 34. a5 {[%clk 0:02:03]} Rc8
{[%clk 0:01:20]} 35. Qa7 {[%clk 0:01:41]} Rfd8 {[%clk 0:01:41]} 36. Rd1
{[%clk 0:01:27]} Rc3 {[%clk 0:00:55]} 37. d5 {[%clk 0:00:56]} e5 {[%clk 0:00:36]}
38. b4 {[%clk 0:00:37]} Bf5 {[%clk 0:00:35]} 39. d6 {[%clk 0:00:37]} e4
{[%clk 0:00:59]} 40. Bg4 {[%clk 0:30:55]} e3 {[%clk 0:30:37]} 41. fxe3
{[%clk 0:24:39]} Bc2 {[%clk 0:26:30]} 42. Be6 {[%clk 0:21:57]} Rf8
{[%clk 0:26:15]} 43. Rf1 {[%clk 0:22:12]} Rd3 {[%clk 0:25:04]} 44. Qc7
{[%clk 0:17:25]} Ba4 {[%clk 0:24:27]} 45. e4 {[%clk 0:14:45]} Bd4+
{[%clk 0:16:29]} 46. Kh1 {[%clk 0:15:08]} Be5 {[%clk 0:16:45]} 47. Bd5
{[%clk 0:13:49]} Kh8 {[%clk 0:04:24]} 48. a6 {[%clk 0:12:55]} Bb5
{[%clk 0:02:13]} 49. Qe7 {[%clk 0:12:56]} Re8 {[%clk 0:02:00]} 50. Qxf7
{[%clk 0:11:12]} Ra3 {[%clk 0:02:04]} 51. d7 {[%clk 0:11:22]} 1-0

[Event "World Chess Olympiad 2018"]
[Site "Batumi"]
[Date "2018.09.30"]
[Round "6"]
[Board "3"]
[WhiteFideId "865834"]
[White "Moroni Luca Jr"]
[BlackFideId "3600734"]
[Black "Munoz Sanchez Miguel"]
[Result "1-0"]
[LiveChessVersion "1.4.8"]
[BlackElo "2254"]
[WhiteElo "2547"]

1. d4 {[%clk 1:30:59]} Nf6 {[%clk 1:30:55]} 2. c4 {[%clk 1:31:26]} g6
{[%clk 1:31:15]} 3. g3 {[%clk 1:31:52]} Bg7 {[%clk 1:31:40]} 4. Bg2
{[%clk 1:32:19]} O-O {[%clk 1:32:06]} 5. Nc3 {[%clk 1:32:34]} d6 {[%clk 1:32:18]}
6. Nf3 {[%clk 1:32:58]} Nc6 {[%clk 1:28:40]} 7. O-O {[%clk 1:33:21]} e5
{[%clk 1:28:11]} 8. dxe5 {[%clk 1:33:45]} dxe5 {[%clk 1:28:34]} 9. Bg5
{[%clk 1:34:09]} Be6 {[%clk 1:15:17]} 10. Nd2 {[%clk 1:34:18]} h6
{[%clk 1:08:10]} 11. Bxf6 {[%clk 1:34:33]} Qxf6 {[%clk 1:06:57]} 12. Nde4
{[%clk 1:30:29]} Qe7 {[%clk 1:04:47]} 13. Nd5 {[%clk 1:30:03]} Bxd5
{[%clk 1:05:11]} 14. cxd5 {[%clk 1:30:27]} Nd4 {[%clk 1:05:16]} 15. Rc1
{[%clk 1:29:11]} Rad8 {[%clk 1:02:05]} 16. e3 {[%clk 1:22:22]} Nb5
{[%clk 1:00:20]} 17. Qc2 {[%clk 1:15:01]} Rc8 {[%clk 0:57:55]} 18. Rfd1
{[%clk 1:09:48]} Nd6 {[%clk 0:55:20]} 19. Nxd6 {[%clk 1:02:08]} Qxd6
{[%clk 0:53:07]} 20. Bh3 {[%clk 1:00:59]} f5 {[%clk 0:52:17]} 21. e4
{[%clk 1:00:33]} Qf6 {[%clk 0:50:00]} 22. d6 {[%clk 0:51:23]} cxd6
{[%clk 0:40:10]} 23. Qxc8 {[%clk 0:49:55]} Rxc8 {[%clk 0:40:35]} 24. Rxc8+
{[%clk 0:50:21]} Kh7 {[%clk 0:38:39]} 25. exf5 {[%clk 0:50:33]} gxf5
{[%clk 0:39:02]} 26. Rxd6 {[%clk 0:50:09]} Qf7 {[%clk 0:39:22]} 27. Bf1
{[%clk 0:45:08]} Bf6 {[%clk 0:36:43]} 28. Bb5 {[%clk 0:44:03]} Be7
{[%clk 0:18:47]} 29. Rc7 {[%clk 0:42:33]} 1-0

[Event "World Chess Olympiad 2018"]
[Site "Batumi"]
[Date "2018.09.30"]
[Round "6"]
[Board "4"]
[WhiteFideId "3600629"]
[White "Munoz Sanchez Jhon"]
[BlackFideId "818860"]
[Black "Valsecchi Alessio"]
[Result "0-1"]
[LiveChessVersion "1.4.8"]
[BlackElo "2500"]
[WhiteElo "2230"]

1. d4 {[%clk 1:30:56]} Nf6 {[%clk 1:30:53]} 2. c4 {[%clk 1:31:22]} g6
{[%clk 1:31:14]} 3. f3 {[%clk 1:31:46]} c5 {[%clk 1:27:59]} 4. d5
{[%clk 1:32:12]} e6 {[%clk 1:28:23]} 5. e4 {[%clk 1:32:36]} exd5 {[%clk 1:28:38]}
6. cxd5 {[%clk 1:32:43]} d6 {[%clk 1:29:02]} 7. Nd2 {[%clk 1:16:38]} Bg7
{[%clk 1:28:56]} 8. Ne2 {[%clk 1:17:02]} O-O {[%clk 1:27:06]} 9. Nc3
{[%clk 1:17:30]} Nh5 {[%clk 1:25:22]} 10. g3 {[%clk 1:08:06]} f5 {[%clk 1:22:24]}
11. Bg2 {[%clk 1:06:17]} b6 {[%clk 1:13:58]} 12. O-O {[%clk 0:51:09]} Bd4+
{[%clk 1:13:19]} 13. Rf2 {[%clk 0:35:32]} f4 {[%clk 1:08:43]} 14. Ne2
{[%clk 0:30:23]} Bxf2+ {[%clk 1:07:37]} 15. Kxf2 {[%clk 0:30:43]} Nd7
{[%clk 1:06:45]} 16. Nc4 {[%clk 0:19:46]} Ba6 {[%clk 1:05:20]} 17. Qa4
{[%clk 0:16:44]} Bxc4 {[%clk 1:04:20]} 18. Qxc4 {[%clk 0:17:10]} Ne5
{[%clk 1:03:25]} 19. Qc3 {[%clk 0:16:48]} g5 {[%clk 1:01:32]} 20. g4
{[%clk 0:14:11]} Nf6 {[%clk 1:01:30]} 21. Ng1 {[%clk 0:11:52]} b5
{[%clk 1:00:05]} 22. Bd2 {[%clk 0:11:01]} b4 {[%clk 0:59:39]} 23. Qc2
{[%clk 0:11:11]} Qb6 {[%clk 0:59:30]} 24. Bf1 {[%clk 0:09:39]} c4+
{[%clk 0:57:10]} 25. Kg2 {[%clk 0:10:08]} Rac8 {[%clk 0:57:04]} 26. Rc1
{[%clk 0:02:48]} a5 {[%clk 0:53:52]} 27. Be2 {[%clk 0:01:25]} Nfd7
{[%clk 0:48:20]} 28. Be1 {[%clk 0:01:45]} Nd3 {[%clk 0:48:17]} 0-1

[Event "World Chess Olympiad 2018"]
[Site "Batumi"]
[Date "2018.09.30"]
[Round "6"]
[Board "1"]
[WhiteFideId "14117908"]
[White "Kovalenko Igor"]
[BlackFideId "208078"]
[Black "Godart Francois"]
[Result "1-0"]
[LiveChessVersion "1.4.8"]
[BlackElo "2431"]
[WhiteElo "2646"]

1. Nf3 {[%clk 1:30:33]} d5 {[%clk 1:30:50]} 2. b3 {[%clk 1:28:57]} Bg4
{[%clk 1:30:23]} 3. e3 {[%clk 1:28:36]} Nf6 {[%clk 1:26:04]} 4. Bb2
{[%clk 1:29:02]} e6 {[%clk 1:26:22]} 5. d3 {[%clk 1:28:30]} c5 {[%clk 1:24:47]}
6. Nbd2 {[%clk 1:28:47]} Nc6 {[%clk 1:25:00]} 7. h3 {[%clk 1:29:00]} Bh5
{[%clk 1:24:43]} 8. Be2 {[%clk 1:28:13]} h6 {[%clk 1:17:22]} 9. O-O
{[%clk 1:17:22]} Be7 {[%clk 1:17:01]} 10. Ne5 {[%clk 1:17:09]} Bxe2
{[%clk 1:16:48]} 11. Qxe2 {[%clk 1:17:36]} Nxe5 {[%clk 1:16:49]} 12. Bxe5
{[%clk 1:18:03]} O-O {[%clk 1:16:59]} 13. e4 {[%clk 1:17:26]} Qd7
{[%clk 1:12:27]} 14. a4 {[%clk 1:15:36]} Rad8 {[%clk 1:08:08]} 15. Bc3
{[%clk 1:11:36]} Qc6 {[%clk 0:59:51]} 16. Rae1 {[%clk 1:07:07]} b6
{[%clk 0:55:25]} 17. f4 {[%clk 1:01:11]} d4 {[%clk 0:42:59]} 18. Bb2
{[%clk 1:01:38]} a6 {[%clk 0:43:16]} 19. g4 {[%clk 1:01:59]} b5 {[%clk 0:42:42]}
20. Ra1 {[%clk 1:02:12]} Nd7 {[%clk 0:40:21]} 21. Rf2 {[%clk 0:56:42]} e5
{[%clk 0:38:44]} 22. f5 {[%clk 0:50:41]} Bg5 {[%clk 0:35:54]} 23. Rg2
{[%clk 0:51:07]} f6 {[%clk 0:28:52]} 24. Kh1 {[%clk 0:50:19]} c4 {[%clk 0:25:15]}
25. bxc4 {[%clk 0:49:22]} Bxd2 {[%clk 0:25:27]} 26. cxb5 {[%clk 0:49:42]} axb5
{[%clk 0:21:09]} 27. Qxd2 {[%clk 0:50:08]} bxa4 {[%clk 0:21:30]} 28. h4
{[%clk 0:50:20]} Rb8 {[%clk 0:17:41]} 29. Ba3 {[%clk 0:49:05]} Rf7
{[%clk 0:14:17]} 30. Rag1 {[%clk 0:47:51]} Qc3 {[%clk 0:10:10]} 31. Qc1
{[%clk 0:48:09]} Rc8 {[%clk 0:09:15]} 32. Rh2 {[%clk 0:46:07]} Rc6
{[%clk 0:05:07]} 33. g5 {[%clk 0:42:25]} hxg5 {[%clk 0:05:28]} 34. hxg5
{[%clk 0:42:51]} fxg5 {[%clk 0:05:53]} 35. Qxg5 {[%clk 0:42:53]} Qxa3
{[%clk 0:05:08]} 36. Qh4 {[%clk 0:41:15]} 1-0

[Event "World Chess Olympiad 2018"]
[Site "Batumi"]
[Date "2018.09.30"]
[Round "6"]
[Board "2"]
[WhiteFideId "200778"]
[White "Docx Stefan"]
[BlackFideId "11601388"]
[Black "Neiksans Arturs"]
[Result "0-1"]
[LiveChessVersion "1.4.8"]
[BlackElo "2566"]
[WhiteElo "2427"]

1. d4 {[%clk 1:30:56]} f5 {[%clk 1:30:58]} 2. c4 {[%clk 1:30:17]} Nf6
{[%clk 1:31:23]} 3. Nf3 {[%clk 1:30:39]} g6 {[%clk 1:31:30]} 4. Bf4
{[%clk 1:30:48]} Bg7 {[%clk 1:31:10]} 5. e3 {[%clk 1:31:07]} d6 {[%clk 1:31:24]}
6. Nc3 {[%clk 1:31:29]} Nh5 {[%clk 1:29:39]} 7. h4 {[%clk 1:31:04]} Nc6
{[%clk 1:27:10]} 8. Be2 {[%clk 1:28:50]} O-O {[%clk 1:21:08]} 9. d5
{[%clk 0:54:44]} Nb4 {[%clk 1:20:35]} 10. Qd2 {[%clk 0:50:15]} c6
{[%clk 1:13:46]} 11. Rc1 {[%clk 0:41:31]} Na6 {[%clk 0:57:11]} 12. Nd4
{[%clk 0:40:13]} Nxf4 {[%clk 0:57:21]} 13. exf4 {[%clk 0:40:39]} e5
{[%clk 0:57:30]} 14. dxe6 {[%clk 0:38:30]} Nc5 {[%clk 0:57:19]} 15. Rd1
{[%clk 0:37:57]} Qf6 {[%clk 0:53:03]} 16. g3 {[%clk 0:37:17]} Bxe6
{[%clk 0:51:48]} 17. O-O {[%clk 0:34:36]} Rad8 {[%clk 0:47:59]} 18. Rfe1
{[%clk 0:32:30]} Bf7 {[%clk 0:45:25]} 19. Bf1 {[%clk 0:31:30]} Rfe8
{[%clk 0:45:33]} 20. Rxe8+ {[%clk 0:31:22]} Rxe8 {[%clk 0:45:28]} 21. Nf3
{[%clk 0:28:55]} Rd8 {[%clk 0:44:49]} 22. Ne5 {[%clk 0:24:37]} Ne6
{[%clk 0:43:23]} 23. Nf3 {[%clk 0:24:40]} a6 {[%clk 0:42:14]} 24. Bg2
{[%clk 0:23:35]} h6 {[%clk 0:40:48]} 25. a4 {[%clk 0:17:00]} a5 {[%clk 0:40:16]}
26. Bf1 {[%clk 0:16:53]} Kh7 {[%clk 0:36:49]} 27. Bg2 {[%clk 0:16:40]} Bg8
{[%clk 0:35:00]} 28. Bf1 {[%clk 0:15:32]} Nc5 {[%clk 0:30:36]} 29. Ne5
{[%clk 0:15:19]} Qe7 {[%clk 0:30:59]} 30. h5 {[%clk 0:13:17]} gxh5
{[%clk 0:28:40]} 31. Bh3 {[%clk 0:12:40]} Bxe5 {[%clk 0:21:28]} 32. fxe5
{[%clk 0:13:04]} Qxe5 {[%clk 0:21:28]} 33. Re1 {[%clk 0:12:53]} Qf6
{[%clk 0:19:54]} 34. Qf4 {[%clk 0:12:32]} Kg7 {[%clk 0:15:51]} 35. Ne2
{[%clk 0:10:24]} Nd3 {[%clk 0:16:00]} 36. Qd2 {[%clk 0:09:42]} Nxe1
{[%clk 0:16:18]} 37. Qxe1 {[%clk 0:10:06]} Re8 {[%clk 0:16:28]} 38. Qd2
{[%clk 0:09:18]} Qe5 {[%clk 0:16:21]} 39. Bf1 {[%clk 0:09:30]} Bxc4
{[%clk 0:15:50]} 40. Nf4 {[%clk 0:39:47]} Bxf1 {[%clk 0:42:36]} 41. Nxh5+
{[%clk 0:34:36]} Kg6 {[%clk 0:42:57]} 42. Nf4+ {[%clk 0:34:39]} Kh7
{[%clk 0:43:16]} 43. Kxf1 {[%clk 0:34:57]} Qe4 {[%clk 0:42:45]} 44. Nh3
{[%clk 0:34:57]} Qb1+ {[%clk 0:38:41]} 45. Kg2 {[%clk 0:34:45]} Re1
{[%clk 0:38:42]} 46. f3 {[%clk 0:29:52]} Qd1 {[%clk 0:38:41]} 0-1